Score 0/29 Timer 07:00
0 Plays Today
Location School % Correct
PiscatawayRutgers University--New Brunswick
92.9%
PrincetonPrinceton University
88.9%
EwingThe College of New Jersey
81%
MontclairMontclair State University
78.6%
South OrangeSeton Hall University
75.4%
NewarkNew Jersey Institute of Technology
73%
GlassboroRowan University
73%
West Long BranchMonmouth University
69%
CamdenRutgers University--Camden
69%
LawrencevilleRider University
64.3%
NewarkRutgers University--Newark
62.7%
MahwahRamapo College of New Jersey
60.3%
HobokenStevens Institute of Technology
60.3%
UnionKean University
58.7%
Jersey CityNew Jersey City University
54%
Location School % Correct
MadisonDrew University
50.8%
CaldwellCaldwell University
49.2%
GallowayStockton University
44.4%
WayneWilliam Paterson University
42.1%
Jersey CitySaint Peter's University
40.5%
BloomfieldBloomfield College
37.3%
LakewoodGeorgian Court University
34.1%
TrentonThomas Edison State University
32.5%
HackettstownCentenary University
28.6%
TeaneckFairleigh Dickinson University--Teaneck
27%
LodiFelician University
27%
MorristownCollege of St. Elizabeth
22.2%
Woodland Park Berkeley College
19%
MadisonFairleigh Dickinson University--Florham
18.3%
Remove Ads.
Support Sporcle.
Get the best of Sporcle when you Go Orange. This ad-free experience offers more features, more stats, and more fun while also helping to support Sporcle. Thank you for becoming a member.

You're not logged in!

Compare scores with friends on all Sporcle quizzes.
OR
Log In

Show Comments

Extras

Top Quizzes Today


Score Distribution

Your Account Isn't Verified!

In order to create a playlist on Sporcle, you need to verify the email address you used during registration. Go to your Sporcle Settings to finish the process.

Report this User

Report this user for behavior that violates our Community Guidelines.

Details: